|
|
|
|
| LEADER |
00625cam a2200193 7i4500 |
| 001 |
0000026014 |
| 005 |
20110318090000.0 |
| 020 |
0 |
0 |
|a 9283370864
|
| 090 |
0 |
0 |
|a I 363.738
|b SAX
|
| 100 |
1 |
0 |
|a Saxen
|
| 110 |
2 |
0 |
|a Asian Productivity Organization(APO)
|
| 245 |
2 |
0 |
|a Greenhouse gas emissions :
|b estimation and reduction.
|
| 260 |
0 |
0 |
|a [S.I] Asian productivity Organization (APO),
|c 2009.
|
| 300 |
# |
# |
|a 84p.
|
| 650 |
0 |
0 |
|a Greenhouse gases --
|x Environmental aspects
|
| 650 |
0 |
0 |
|a Global warming
|
| 650 |
0 |
0 |
|a Greenhouse gases
|
| 650 |
0 |
0 |
|a Greenhouse gas(GHG) missions
|
| 999 |
|
|
|a 0000027910
|b Book
|c International
|e Business Information Centre
|